[Event "Senat-CanalWeb GP"]
[Site "Paris FRA"]
[Date "2000.05.07"]
[Round "2.2"]
[White "Lautier,J"]
[Black "Hauchard,A"]
[Result "1/2-1/2"]
[WhiteElo "2632"]
[BlackElo "2513"]

1.d4 g6 2.c4 Bg7 3.e4 d6 4.Nc3 e5 5.dxe5 dxe5 6.Qxd8+ Kxd8 7.f4 Nd7 8.Nf3 c6
9.fxe5 Nxe5 10.Bf4 Nxf3+ 11.gxf3 Ke7 12.c5 Be6 13.Bd6+ Ke8 14.O-O-O Nf6 15.Kc2 Nd7
16.f4 f5 17.Bd3 Kf7 18.exf5 gxf5 19.Rhe1 Bf8 20.Bxf8 Rhxf8 21.Bc4 Nxc5 22.Bxe6+ Nxe6
23.Rd7+ Kf6 24.Rxb7 Rf7 25.Rxf7+ Kxf7 26.Re5 Kf6 27.Ra5 Nxf4 28.Ra6 Ne6 29.Rxc6 Ke5
30.Ra6 f4 31.Ra5+ Kf6 32.Nd5+ Kg6 33.Ra6 Kf5 34.Ne7+ Ke5 35.Kd2 Rd8+ 36.Ke2 Nd4+
37.Kf2 Ke4 38.Rxa7 Rd6 39.Ra4 Kd3 40.Ra3+ Kd2 41.Ra4 Kd3 42.Ra3+ Ke4 43.Ra4 Rb6
44.b3 Rd6 45.Rc4 Kd3 46.Rc1 Ra6 47.Rd1+ Ke4 48.Re1+ Kd3 49.Rd1+  1/2-1/2

[Event "ch-Paris"]
[Site "Paris FRA"]
[Date "2000.07.15"]
[Round "1"]
[White "Lauer,L"]
[Black "Lautier,J"]
[Result "0-1"]
[WhiteElo "2158"]
[BlackElo "2648"]

1.d4 d5 2.Nf3 Nf6 3.e3 g6 4.b3 Bg7 5.Bb2 O-O 6.Be2 c5 7.O-O cxd4 8.exd4 Nc6
9.Nbd2 Bf5 10.Nh4 Be6 11.Nhf3 Rc8 12.Rc1 Nb4 13.c4 Bf5 14.Ne5 Nd7 15.Ndf3 dxc4
16.Bxc4 Nb6 17.Be2 Nxa2 18.Rxc8 Nxc8 19.Qd2 a5 20.Ra1 Nb4 21.Bc3 Be4 22.Bxb4 axb4
23.Qxb4 Qb6 24.Qc3 Bxf3 25.Bxf3 Nd6 26.Rc1 Nb5 27.Qb4 Qxd4 28.Qxb5 Bxe5 29.Re1 Ra8
30.g3 Bd6 31.Qxb7 Ra2 32.Re3 Bc5 33.Qb8+ Kg7 34.Qe5+ Qxe5 35.Rxe5 Rxf2 36.Rxc5 Rxf3
37.Rb5 Rc3 38.Kg2 Rc2+ 39.Kh3 f5 40.Rb6 g5 41.g4 f4 42.b4 Rb2 43.b5 e5 44.Rb8 e4
45.b6 e3 46.b7 h6 47.Re8 Rxb7 48.Re4 Kf6  0-1

[Event "ch-Paris"]
[Site "Paris FRA"]
[Date "2000.07.16"]
[Round "2"]
[White "Lautier,J"]
[Black "Boulard,E"]
[Result "1-0"]
[WhiteElo "2648"]
[BlackElo "2224"]

1.d4 f5 2.Nf3 Nf6 3.g3 g6 4.c4 Bg7 5.b4 O-O 6.Bb2 c6 7.Bg2 d6 8.O-O Kh8 9.Nbd2 Qb6
10.a3 a5 11.Bc3 axb4 12.axb4 Rxa1 13.Qxa1 Be6 14.Rb1 Qc7 15.Qa7 Ne4 16.Nxe4 fxe4
17.Nd2 d5 18.c5 Bg4 19.f3 exf3 20.exf3 Bf5 21.Re1 g5 22.Nb3 Re8 23.Kh1 Kg8
24.Bd2 Bf6 25.f4 g4 26.b5 Qd7 27.Na5 Be4 28.Bxe4 dxe4 29.Be3 Bxd4 30.bxc6 Nxc6
31.Nxc6 Bxe3 32.Qa2+ e6 33.Ne5 Qb5 34.Qg2 Bxc5 35.Qxe4 Bf8 36.Nxg4 Bg7 37.f5 Bc3
38.Re2  1-0

[Event "ch-Paris"]
[Site "Paris FRA"]
[Date "2000.07.17"]
[Round "3"]
[White "Sellos,D"]
[Black "Lautier,J"]
[Result "0-1"]
[WhiteElo "2372"]
[BlackElo "2648"]

1.d4 d5 2.c4 e6 3.Nc3 c6 4.cxd5 exd5 5.g3 Nf6 6.Bg2 Be7 7.Nf3 O-O 8.O-O Bf5
9.Qb3 Qb6 10.Qxb6 axb6 11.Bf4 Re8 12.h3 h6 13.g4 Bh7 14.Nd2 b5 15.a3 Nbd7
16.f3 Nb6 17.Rfe1 Na4 18.Nxa4 Rxa4 19.e3 Nd7 20.Rac1 Bh4 21.Red1 g5 22.Bc7 Rxe3
23.Nb1 Ra8 24.Nc3 Rae8  0-1

[Event "ch-Paris"]
[Site "Paris FRA"]
[Date "2000.07.18"]
[Round "4"]
[White "Lautier,J"]
[Black "Mikhalevski,A"]
[Result "1/2-1/2"]
[WhiteElo "2648"]
[BlackElo "2464"]

1.e4 e5 2.Nf3 Nc6 3.d4 exd4 4.Nxd4 Nf6 5.Nxc6 bxc6 6.e5 Qe7 7.Qe2 Nd5 8.c4 Ba6
9.b3 g6 10.f4 Bg7 11.Qf2 Nb4 12.a3 Bxe5 13.fxe5 Qxe5+ 14.Kd1 Qxa1 15.axb4 Qxb1
16.Qe3+ Kd8 17.Qc3 Re8 18.Bd3 Qa2 19.Bb2 Bxc4 20.bxc4 c5 21.Kd2 Qa6 22.bxc5 Rb8
23.Qf6+ Qxf6 24.Bxf6+ Kc8 25.Ra1 Re6 26.Bc3 a6 27.g4 Kd8 28.g5 Ke8 29.Be2 Rb3
30.Bd1 Rxc3 31.Kxc3 Re1 32.Kd2 Rh1 33.Rxa6 Rxh2+ 34.Ke3 Rg2 35.Kf4 Rd2 36.Bf3 Rd4+
37.Ke5 Rxc4 38.Bd5 Rg4 39.Kf6  1/2-1/2

[Event "ch-Paris"]
[Site "Paris FRA"]
[Date "2000.07.20"]
[Round "6"]
[White "Lautier,J"]
[Black "Shirazi,K"]
[Result "1-0"]
[WhiteElo "2648"]
[BlackElo "2414"]

1.d4 c6 2.Nf3 d5 3.c4 Nf6 4.Nc3 Ne4 5.g3 Nxc3 6.bxc3 dxc4 7.Bg2 Nd7 8.O-O g6
9.Nd2 Bg7 10.a4 Nb6 11.a5 Nd5 12.Bb2 Be6 13.e4 Nc7 14.Qe2 Qd7 15.Rfd1 Bg4
16.f3 Bh3 17.Bh1 f5 18.Nxc4 fxe4 19.Qxe4 O-O 20.Ne5 Qe6 21.Re1 Rad8 22.c4 g5
23.Rad1 Qd6 24.Qe3 Rf5 25.Rb1 Ne6 26.c5 Qc7 27.Qb3 Rd5 28.f4 Bxe5 29.Bxd5 Bxd4+
30.Bxd4 Rxd5 31.Bf2 gxf4 32.Qxb7 fxg3 33.hxg3 Qd8 34.Qxc6 Ng5 35.Rb8  1-0

[Event "ch-Paris"]
[Site "Paris FRA"]
[Date "2000.07.21"]
[Round "7"]
[White "Shchekachev,A"]
[Black "Lautier,J"]
[Result "1/2-1/2"]
[WhiteElo "2503"]
[BlackElo "2648"]

1.c4 c5 2.Nf3 Nc6 3.Nc3 e5 4.g3 g6 5.Bg2 Bg7 6.O-O Nge7 7.d3 d6 8.a3 O-O
9.Rb1 a5 10.Bg5 f6 11.Be3 Be6 12.Qa4 Kh8 13.Rfc1 f5 14.Bd2 h6 15.Qd1 e4 16.dxe4 Bxc4
17.Bf4 fxe4 18.Nxe4 Ba2 19.Ra1 Bd5 20.Nc3 Bxf3 21.Bxf3 Ne5 22.Bg2 g5 23.Bxe5 Bxe5
24.e3 d5 25.Rc2 d4 26.exd4 Bxd4 27.Nb5 Bg7 28.Rxc5 Bxb2 29.Rb1 Qxd1+ 30.Rxd1 Rf5
31.Rxf5 Nxf5 32.Rd5 Rf8 33.Be4 Ne7 34.Rd7 Nc6 35.Rxb7 Ne5 36.Rh7+ Kg8 37.Rxh6 Rxf2
38.Rh5 Re2 39.Rxg5+ Kf8 40.Rf5+ Ke7 41.Rf2 Re1+ 42.Kg2 Bxa3 43.Nxa3 Rxe4
44.h4 a4 45.h5 Ng4 46.Rb2 Kf6 47.Nb1  1/2-1/2

[Event "ch-Paris"]
[Site "Paris FRA"]
[Date "2000.07.22"]
[Round "8"]
[White "Lautier,J"]
[Black "Antal,Ge"]
[Result "1/2-1/2"]
[WhiteElo "2648"]
[BlackElo "2405"]

1.c4 f5 2.g3 Nf6 3.Bg2 g6 4.d4 Bg7 5.Nc3 O-O 6.Nh3 d6 7.d5 Nbd7 8.O-O Ne5
9.b3 c5 10.Bd2 a6 11.a4 b6 12.f4 Nf7 13.Nf2 Rb8 14.Re1 Ne8 15.Rb1 Nc7 16.e4 b5
17.axb5 axb5 18.b4 fxe4 19.bxc5 e3 20.Rxe3 Bf5 21.Nce4 bxc4 22.Rxb8 Qxb8
23.Bc3 Bxc3 24.Rxc3 dxc5 25.Rxc4 Nd6 26.Rxc5 Qa7 27.Qd4 Nxe4 28.Bxe4 Bxe4
29.Nxe4 Rd8 30.d6 exd6 31.Rc4 Qxd4+ 32.Rxd4 d5 33.Kf2  1/2-1/2

[Event "ch-Paris"]
[Site "Paris FRA"]
[Date "2000.07.23"]
[Round "9"]
[White "Philippe,C"]
[Black "Lautier,J"]
[Result "0-1"]
[WhiteElo "2306"]
[BlackElo "2648"]

1.e4 c5 2.Nf3 d6 3.d4 cxd4 4.Nxd4 Nf6 5.Nc3 a6 6.Rg1 b5 7.g4 Bb7 8.Bg2 e6
9.Qe2 Nfd7 10.Be3 b4 11.Nb1 e5 12.Nb3 a5 13.c4 Be7 14.N1d2 O-O 15.Rd1 Nc6
16.Qf3 a4 17.Nc1 Nc5 18.Nf1 Qa5 19.b3 axb3 20.axb3 Nd4 21.Bxd4 exd4 22.Ng3 Bg5
23.Nd3 Nxb3 24.Qf5 Nc5 25.Nxc5 Qxc5 26.Ne2 Ra2 27.Bf3 g6 28.Qd7 Bc6 29.Qc7 Ra7  0-1

[Event "TCh-FRA"]
[Site "Noyon FRA"]
[Date "2001.02.03"]
[Round "2"]
[White "Lautier,J"]
[Black "Winants,L"]
[Result "1-0"]
[WhiteElo "2658"]
[BlackElo "2515"]

1.d4 Nf6 2.c4 e6 3.Nc3 Bb4 4.e3 c5 5.Ne2 cxd4 6.exd4 O-O 7.a3 Be7 8.Nf4 d5
9.cxd5 Nxd5 10.Ncxd5 exd5 11.Bd3 Nc6 12.O-O Bg5 13.Re1 h6 14.Bc2 Qd6 15.g3 Bd8
16.Nh5 g5 17.Qd3 Qg6 18.Qd1 Qd6 19.b4 a6 20.Bb2 Bh3 21.g4 Bc7 22.Re5 f5 23.Bxf5 Rxf5
24.gxf5 Bxf5 25.Qf3 Nxe5 26.dxe5 Qe6 27.Nf6+ Kh8 28.Nxd5 Bd8 29.Ne3 Bh3 30.Qxb7 Rc8
31.Rd1  1-0

[Event "Dutch Open Blitzchess"]
[Site "Dordrecht NED"]
[Date "2001.02.24"]
[Round "5"]
[White "Piket,Je"]
[Black "Lautier,J"]
[Result "1/2-1/2"]
[WhiteElo "2632"]
[BlackElo "2658"]

1.c4 e5 2.Nc3 Nf6 3.Nf3 Nc6 4.e3 Bb4 5.Qc2 Bxc3 6.Qxc3 Qe7 7.a3 O-O 8.d3 d5
9.cxd5 Nxd5 10.Qc2 Bg4 11.Be2 Rad8 12.Bd2 Rd6 13.h3 Bh5 14.Rc1 Kh8 15.b4 a6
16.Qc4 f5 17.Qh4 Qxh4 18.Nxh4 Bxe2 19.Kxe2 e4 20.dxe4 fxe4 21.f4 exf3+ 22.Nxf3 Re8
23.Kf2 Nf6 24.Rhd1 Ne4+ 25.Ke2 Ng3+ 26.Kf2 Ne4+ 27.Ke2 Rg6 28.g4 Rge6 29.Be1 Nd6
30.Bf2 Rf8 31.Bg3 Rfe8 32.Rd3 Kg8 33.Bxd6 cxd6 34.Rcd1 h6 35.Kf2 Rf8 36.Kg2 Rxf3
37.Kxf3 Ne5+ 38.Ke2 Nxd3 39.Kxd3 Kf7 40.Rc1 Re7 41.Rc8 Ke6 42.Kd4 Rf7 43.Rg8 Rc7
44.e4 Kf7 45.Rb8 Ke6 46.h4 Rf7 47.g5 hxg5 48.hxg5 b5 49.Rb6 Rf3 50.Rxa6 Rg3
51.Ra5 Rxg5 52.a4 Kd7 53.Ra7+ Kc6 54.a5 Rg1 55.Ra6+ Kc7 56.Rb6 Rg5 57.Ra6 Rg1
58.Kd5 Rd1+ 59.Ke6 Rd4 60.Ra7+ Kc6 61.Ra6+ Kc7 62.Ra7+ Kc6  1/2-1/2

[Event "Dutch Open Blitzchess"]
[Site "Dordrecht NED"]
[Date "2001.02.24"]
[Round "8"]
[White "Van Wely,L"]
[Black "Lautier,J"]
[Result "0-1"]
[WhiteElo "2700"]
[BlackElo "2658"]

1.c4 Nf6 2.Nc3 e5 3.Nf3 Nc6 4.a3 g6 5.g3 Bg7 6.Bg2 O-O 7.O-O d6 8.b4 Nd4
9.Ne1 c6 10.e3 Nf5 11.Nf3 e4 12.Ng5 d5 13.cxd5 cxd5 14.Bb2 h6 15.Nh3 g5 16.d3 Nd6
17.Qd2 Be6 18.Kh1 Qe7 19.Ne2 Rac8 20.Nd4 Bd7 21.Ng1 Ng4 22.f4 Rfe8 23.h3 Nf6
24.fxg5 hxg5 25.Rae1 exd3 26.Qxd3 Nfe4 27.Nge2 Nc4 28.Ba1 Ncd2 29.Nf5 Bxf5
30.Rxf5 Qe6 31.Qxd5 Qxd5 32.Rxd5 Bxa1 33.Rxa1 f6 34.h4 gxh4 35.gxh4 Re7 36.Rg1 Nf2+
37.Kh2 Ng4+ 38.Kh3 Nf2+ 39.Kg3 Nde4+ 40.Bxe4 Nxe4+ 41.Kf4+ Kf8 42.Nd4 Rc4
43.Nf5 Nd6+ 44.Rd4 Re4+ 45.Rxe4 Nxe4 46.Nd4 Nc3 47.Kf5 Nd5 48.Ne6+ Ke7 49.Rg7+ Kd6
50.e4 Ne3+ 51.Kf4 Nd5+ 52.Kf5 Nc3 53.Nf4 Rxe4 54.h5 Re5+ 55.Kg4 Ne4 56.h6 Nf2+
57.Kf3  0-1

[Event "Dutch Open Blitzchess"]
[Site "Dordrecht NED"]
[Date "2001.02.24"]
[Round "9"]
[White "Lautier,J"]
[Black "Sokolov,I"]
[Result "1-0"]
[WhiteElo "2658"]
[BlackElo "2659"]

1.d4 d5 2.c4 c6 3.Nc3 Nf6 4.e3 a6 5.Qc2 g6 6.Bd3 Bg7 7.Nf3 O-O 8.O-O Bg4
9.Ne5 Be6 10.b3 c5 11.Ne2 cxd4 12.exd4 Nc6 13.Nxc6 bxc6 14.Bf4 Nd7 15.Rac1 a5
16.cxd5 Bxd5 17.Be3 Qb6 18.Rfd1 Nf6 19.h3 Rfd8 20.Nc3 Rac8 21.Na4 Qc7 22.Nc5 Nd7
23.Bc4 Nxc5 24.dxc5 Bxc4 25.Qxc4 Rxd1+ 26.Rxd1 Rd8 27.Rd3 Rd7 28.Kf1 e6 29.Bf4 e5
30.Be3 h6 31.Ke2 Kh7 32.Qa6 e4 33.Rxd7 Qxd7 34.Qc4 f5 35.Bd2 Bf8 36.Bc3 Qe7
37.Bxa5 Qxc5 38.Qxc5 Bxc5 39.Bd2 g5 40.a4 f4 41.g3 f3+ 42.Ke1 Kg6 43.b4 Bd4
44.g4 Kf7 45.a5 Ke6 46.a6 Kd7 47.Kf1 Kc7 48.h4 gxh4 49.Bxh6 Kb6 50.Be3 Bxe3
51.fxe3 h3 52.Kg1 Kxa6 53.g5 Kb5 54.g6  1-0

[Event "Dutch Open Blitzchess"]
[Site "Dordrecht NED"]
[Date "2001.02.24"]
[Round "11"]
[White "Baklan,V"]
[Black "Lautier,J"]
[Result "1-0"]
[WhiteElo "2613"]
[BlackElo "2658"]

1.e4 e5 2.Nf3 Nc6 3.d4 exd4 4.Nxd4 Bc5 5.Be3 Qf6 6.c3 Nge7 7.Bc4 Ne5 8.Be2 Qg6
9.O-O d6 10.f3 Bh3 11.Rf2 O-O 12.Nd2 Bb6 13.Nf1 f5 14.f4 Ng4 15.Bxg4 Bxg4
16.Qb3+ Kh8 17.Ne6 Rf6 18.Bxb6 cxb6 19.Nc7 Raf8 20.e5 dxe5 21.fxe5 Rc6 22.Nb5 Rc5
23.Re1 f4 24.Nd4 Qh5 25.Ne6 Bxe6 26.Qxe6 Ng6 27.Qd7 Rxe5 28.Rxe5 Qxe5 29.Qxb7 Qa5
30.b4 Qa3 31.Qc7 h6 32.Qd6 Rf6 33.Qd8+ Kh7 34.Qd3 Qc1 35.Rc2 Qb1 36.Rd2 Qxd3
37.Rxd3 Rc6 38.Nd2 Ne5 39.Rd5 Ng4 40.h3 Ne3 41.Rd3 Kg6 42.g3 Kf5 43.gxf4 Kxf4
44.Kf2 Nd1+ 45.Ke1 Nxc3 46.Rd4+ Ke3 47.Rg4 g5 48.Rg3+ Kf4 49.Rd3 Re6+ 50.Kf1 Ne4
51.Nxe4 Rxe4 52.Ra3 Rxb4 53.Rxa7 Kg3 54.Ra3+ Kh4 55.Kg2 Rb2+ 56.Kg1 h5 57.Kh1 b5
58.Kg1 b4 59.Ra5 Rxa2 60.Rxa2 g4 61.hxg4 Kxg4 62.Rb2 h4 63.Rxb4+ Kg3 64.Rb3+ Kg4
65.Kg2 Kh5  1-0

[Event "Dutch Open Blitzchess"]
[Site "Dordrecht NED"]
[Date "2001.02.24"]
[Round "13"]
[White "Jirovsky,M"]
[Black "Lautier,J"]
[Result "0-1"]
[WhiteElo "2452"]
[BlackElo "2658"]

1.d4 Nf6 2.Nf3 e6 3.c3 c5 4.Bf4 Nc6 5.e3 d5 6.Nbd2 Bd6 7.Bg3 O-O 8.Bd3 b6
9.Qe2 Bb7 10.O-O Bxg3 11.hxg3 Qc7 12.dxc5 bxc5 13.e4 Nd7 14.Rfe1 Nde5 15.Bc2 d4
16.Nb3 Qb6 17.Nxe5 Nxe5 18.Qh5 Nd7 19.e5 g6 20.Qh6 Rfd8 21.Rad1 Nf8 22.c4 a5
23.Rd2 a4 24.Nc1 Qb4 25.Bd3 Bc6 26.Ree2 Rab8 27.Rc2 Qb7 28.f3 Qc7 29.Kf2 Rb6
30.Qg5 Rdb8 31.g4 R8b7 32.Qf4 Qb8 33.Qd2 Nd7 34.f4 Rb4 35.Kg3 Ra7 36.Re1 Rab7
37.Re2 g5 38.b3 axb3 39.axb3 Ra7 40.fxg5 Nxe5 41.Qf4 Nxd3 42.Nxd3 Rxb3 43.Qxb8+ Rxb8
44.Nxc5 Ra3+ 45.Kf4 d3 46.Nxd3 Rxd3 47.Red2 Rbd8 48.Rxd3 Rxd3 49.c5 Kg7 50.Ra2 Rc3
51.Ra5 Bxg2 52.Ra2 Bd5  0-1

[Event "Dutch Open Blitzchess"]
[Site "Dordrecht NED"]
[Date "2001.02.24"]
[Round "14"]
[White "Gurevich,M"]
[Black "Lautier,J"]
[Result "1/2-1/2"]
[WhiteElo "2694"]
[BlackElo "2658"]

1.c4 Nf6 2.Nc3 e5 3.Nf3 Nc6 4.a3 g6 5.g3 Bg7 6.Bg2 O-O 7.O-O d6 8.d3 a5 9.e3 Re8
10.Rb1 Be6 11.h3 h6 12.e4 Nd7 13.Be3 Nd4 14.Bxd4 exd4 15.Nb5 Ne5 16.Nfxd4 Bd7
17.f4 Nc6 18.Nf3 a4 19.Kh2 Ra6 20.Re1 Qc8 21.d4 Na5 22.Qd3 Rb6 23.Nc3 Rc6
24.Nd2 Ra6 25.g4 c5 26.d5 Rb6 27.Rf1 Nb3 28.Nf3 Nd4 29.e5 Nxf3+ 30.Qxf3 dxe5
31.fxe5 Bxe5+ 32.Kh1 Rf6 33.Qd3 Rxf1+ 34.Rxf1 Qd8 35.d6 Bc6 36.Bxc6 bxc6
37.Ne4 Kg7 38.Kg2 Bd4 39.Qf3 Rf8 40.h4 f5 41.gxf5 Rxf5 42.Qg4 Rxf1 43.Kxf1 h5
44.Qf4 Qf8 45.Qxf8+ Kxf8 46.Ke2 Ke8 47.Kf3 Kd7 48.Kf4 Ke6 49.Kg5 Bxb2 50.Nxc5+ Kxd6
51.Nxa4 Bxa3 52.Kxg6 Ke5 53.Kxh5 Kd4 54.c5 Kc4 55.Kg6 Kb5 56.Nc3+ Kxc5 57.h5 Bc1
58.Ne4+ Kd5 59.Ng5 Kd6 60.h6 Ke7 61.h7 Bb2 62.Ne4 Bd4 63.Ng3 Kf8 64.Nf5 Be5
65.Nh6 c5 66.Nf7 Bd4 67.Nd6 Be5 68.Ne4 c4  1/2-1/2

[Event "Dutch Open Blitzchess"]
[Site "Dordrecht NED"]
[Date "2001.02.24"]
[Round "17"]
[White "De Jong,JW"]
[Black "Lautier,J"]
[Result "0-1"]
[WhiteElo "2258"]
[BlackElo "2658"]

1.d4 Nf6 2.c4 e6 3.Nc3 Bb4 4.Qc2 O-O 5.a3 Bxc3+ 6.Qxc3 b6 7.Bg5 Ba6 8.Nf3 h6
9.Bh4 d6 10.e3 Nbd7 11.b4 c6 12.Be2 d5 13.O-O Rc8 14.Ne5 Nxe5 15.Bxf6 Qxf6
16.dxe5 Qe7 17.Rac1 c5 18.b5 Bb7 19.Bf3 dxc4 20.Bxb7 Qxb7 21.Qxc4 Rfd8 22.Rfd1 Rd5
23.Rxd5 Qxd5 24.Qxd5 exd5 25.Kf1 Kf8 26.Ke2 Ke7 27.f4 h5 28.Kd3 g6 29.g3 Ke6
30.h3 Rd8 31.g4 hxg4 32.hxg4 Rh8 33.a4 Rh4 34.a5 Rh3 35.axb6 axb6 36.Re1 Rg3
37.g5 Kf5 38.Re2 d4 39.Kd2 dxe3+ 40.Rxe3 Kxf4  0-1

[Event "Grand Prix du Senat"]
[Site "Paris FRA"]
[Date "2001.04.05"]
[Round "1.2"]
[White "Lautier,J"]
[Black "Fressinet,L"]
[Result "0-1"]
[WhiteElo "2658"]
[BlackElo "2575"]

1.d4 d5 2.c4 c6 3.Nf3 Nf6 4.e3 Bf5 5.Nc3 e6 6.Nh4 Be4 7.f3 Bg6 8.Qb3 Qb6
9.Nxg6 hxg6 10.Bd2 Nbd7 11.O-O-O Bd6 12.h3 O-O-O 13.Qc2 Qc7 14.Kb1 Kb8 15.Rc1 dxc4
16.Bxc4 Nb6 17.Bb3 e5 18.Ne2 Qe7 19.Rhd1 e4 20.Rf1 Nbd5 21.f4 Rc8 22.Ka1 c5
23.Qc4 a6 24.Qa4 Ka7 25.dxc5 Bxc5 26.Nd4 Rhd8 27.Rfd1 Bb6 28.Rxc8 Rxc8 29.Ba5 Rd8
30.Nc2 Nc3 31.Bxb6+ Kxb6 32.bxc3 Rxd1+ 33.Kb2 Rd2 34.g4 Nd7 35.Qc4 Nc5 36.Kc1 Qd6
37.Nd4 Rh2 38.Bc2 Nd3+ 39.Bxd3 Qa3+ 40.Kd1 exd3 41.Nb3 Qd6 42.Nd4 Ka7 43.Qxf7 Qb6
44.Qb3 Qxb3+ 45.axb3 Kb6 46.g5 a5 47.e4 Kc5 48.Ne6+ Kd6 49.Nd4 a4 50.bxa4 Kc5
51.Nf3 Rxh3 52.Ne5 Re3 53.Kd2 Rxe4 54.Nxg6 Rxa4 55.Kxd3 b5 56.f5 Rg4 57.Nf8 Kd6
58.Ne6 g6 59.Nd4 gxf5 60.Nxf5+ Kc5 61.Ng7 Rg3+ 62.Ke4 Kc4 63.Kf5 Kxc3 64.Ne6 b4
65.Nc5 Rg2 66.Ne4+ Kd4 67.Nd6 Kd5 68.Ne4 b3 69.g6 b2 70.Nc3+ Kc4 71.Nb1 Rg1
72.Nd2+ Kd3  0-1

[Event "It"]
[Site "Enghien-les-Bains FRA"]
[Date "2001.04.11"]
[Round "1"]
[White "Lautier,J"]
[Black "Tkachiev,V"]
[Result "1/2-1/2"]
[WhiteElo "2658"]
[BlackElo "2672"]

1.d4 Nf6 2.c4 e6 3.Nc3 Bb4 4.e3 c5 5.Ne2 d5 6.a3 Ba5 7.dxc5 dxc4 8.Qxd8+ Kxd8
9.Bd2 e5 10.Ne4 Nc6 11.N2c3 Bxc3 12.Nxc3 Be6 13.f3 Nd7 14.Ne4 f5 15.Nd6 Nxc5
16.Nxc4 Nb3 17.Rd1 Nxd2 18.Nxd2 Ke7 19.Bc4 Rac8 20.Bxe6 Kxe6 21.Ke2  1/2-1/2

[Event "It"]
[Site "Enghien-les-Bains FRA"]
[Date "2001.04.20"]
[Round "9"]
[White "Lautier,J"]
[Black "Akopian,V"]
[Result "1/2-1/2"]
[WhiteElo "2658"]
[BlackElo "2654"]

1.d4 Nf6 2.c4 e6 3.Nc3 Bb4 4.e3 b6 5.Ne2 Ba6 6.a3 Bxc3+ 7.Nxc3 d5 8.b3 O-O
9.a4 Nc6 10.Ba3 Re8 11.Be2 e5 12.dxe5 Nxe5 13.Nxd5 Nxd5 14.Qxd5 Qh4 15.Qd4 Qxd4
16.exd4 Nxc4 17.bxc4 Bxc4 18.O-O Bxe2 19.Rfc1 Red8 20.Rxc7 Rxd4 21.Bb2 Rd5
22.Re1 h6 23.Bc3 Bd1 24.a5 bxa5 25.Bxa5 Rxa5 26.Rxd1 Rf5 27.Rd4 a5 28.g4 Rg5
29.Ra4 f5 30.h3 fxg4 31.hxg4 Rb8 32.Ra7 Rb4 33.R4xa5 Rgxg4+ 34.Kf1 Rb1+ 35.Ke2 Rf4
36.Ra2 Rg4 37.R7a4 Rgg1 38.Ra5 Kh7 39.Rc5 Rb6 40.Rf5 Kg6 41.Raa5 Re6+ 42.Kf3 Rb6  1/2-1/2

[Event "2nd IECC"]
[Site "Ohrid MKD"]
[Date "2001.06.09"]
[Round "8"]
[White "Kantsler,B"]
[Black "Lautier,J"]
[Result "1/2-1/2"]
[WhiteElo "2507"]
[BlackElo "2658"]

1.d4 d5 2.c4 dxc4 3.Nf3 a6 4.e3 e6 5.Bxc4 c5 6.O-O Nf6 7.dxc5 Qxd1 8.Rxd1 Bxc5
9.Nbd2 b6 10.Be2 Bb7 11.Nc4 Nbd7 12.Nd4 Bd5 13.Nb3 Be7 14.Bd2 O-O 15.f3 Rfc8
16.Rac1 e5 17.e4 Be6 18.Be3 Rab8 19.Nd6 Rxc1 20.Bxc1 b5 21.Be3 g6 22.Na5 Ne8
23.Nxe8 Rxe8 24.Nc6 Bf8 25.a3 Rc8 26.Rc1 Kg7 27.Kf2 Bd6  1/2-1/2

[Event "2nd IECC"]
[Site "Ohrid MKD"]
[Date "2001.06.11"]
[Round "10"]
[White "Nedev,T"]
[Black "Lautier,J"]
[Result "1/2-1/2"]
[WhiteElo "2514"]
[BlackElo "2658"]

1.e4 e5 2.Nf3 Nc6 3.d4 exd4 4.Nxd4 Bc5 5.Be3 Qf6 6.c3 Nge7 7.Bc4 Ne5 8.Be2 Qg6
9.O-O d6 10.f3 O-O 11.Kh1 d5 12.Nd2 Bb6 13.a4 c6 14.a5 Bc7 15.Bg1 dxe4 16.fxe4 Bg4
17.h3 Bxe2 18.Qxe2 Rad8 19.Bh2 Bb8 20.Nc4 Nxc4 21.Bxb8 Rxb8 22.Nf5 Qe6 23.Nxe7+ Qxe7
24.Qxc4 a6 25.Rf4 Rbd8 26.Raf1 Rd2 27.b4 h6 28.R4f2 Rxf2 29.Rxf2 Rd8 30.Qe2 Rd6
31.Rf4 Qd7 32.e5 Rd5 33.Re4 Qe6 34.Qe3 Kh7 35.Kh2 Qe7 36.Qf4 Kg8 37.Qe3 Qc7
38.Kg1 Rd1+ 39.Kh2 Qe7 40.Rd4 Rf1 41.Rd2 Rf5 42.Re2 Qe6 43.Qd4 h5 44.Qd8+ Kh7
45.Qd4 g6 46.Kg1 Rg5 47.Qf4 Rf5 48.Qd4 Kg7 49.Qe3 h4 50.Qd4 g5 51.Re4 Kh7
52.Qd3 Kg7 53.Qe2 Kg6 54.c4 Kg7 55.Qe3 Kg6 56.Qd4  1/2-1/2

[Event "2nd IECC"]
[Site "Ohrid MKD"]
[Date "2001.06.12"]
[Round "11"]
[White "Lautier,J"]
[Black "Burmakin,V"]
[Result "1-0"]
[WhiteElo "2658"]
[BlackElo "2522"]

1.d4 d5 2.c4 c6 3.Nc3 Nf6 4.e3 a6 5.Qc2 Bg4 6.f3 Bh5 7.Qb3 Ra7 8.cxd5 cxd5
9.g4 Bg6 10.g5 Nfd7 11.h4 Nb6 12.e4 f6 13.a4 e6 14.a5 N6d7 15.exd5 exd5 16.Nxd5 Bd6
17.Bc4 Nc6 18.Qe3+ Kf8 19.Bd2 Bf7 20.Ne2 b5 21.Bb3 Ra8 22.Kf2 b4 23.Ndf4 Qe7
24.Ne6+ Kg8 25.Rhc1 Nd8 26.Nc7 Qxe3+ 27.Bxe3 Ra7 28.Ne8 Bxb3 29.Nxd6 Kf8
30.Rc8 Ke7  1-0

[Event "2nd IECC Playoff g/15"]
[Site "Ohrid MKD"]
[Date "2001.06.15"]
[Round "1.1"]
[White "Lautier,J"]
[Black "Markowski,T"]
[Result "1-0"]
[WhiteElo "2658"]
[BlackElo "2592"]

1.d4 d6 2.Nf3 g6 3.c4 Bg7 4.e4 c5 5.d5 e5 6.Nc3 f5 7.Qa4+ Bd7 8.Qb3 Qb6 9.Qc2 Na6
10.a3 Nf6 11.Bd3 f4 12.g3 O-O 13.Bd2 Qd8 14.gxf4 exf4 15.h3 Nc7 16.O-O-O Nh5
17.Rdg1 Qe7 18.e5 Bxe5 19.Nxe5 Qxe5 20.Ne4 Bf5 21.Bc3 Qe7 22.Nxc5 Bxd3 23.Nxd3 Rae8
24.Re1 Qd7 25.Qd2 b5 26.Nb4 bxc4 27.Qd4 Kf7 28.Qxa7 Ra8 29.Qd4 Nb5 30.Qxc4 Nxc3
31.Qxc3 Rac8 32.Nc6 Nf6 33.Qd3 Rfe8 34.Kb1 Qb7 35.Qd4 Qb3 36.Qxf4 Qxd5 37.Nb4 Qc5
38.Rc1 Qe5 39.Qxe5 dxe5 40.Rxc8 Rxc8 41.Rc1 Ra8 42.Rc6 Ne4 43.Nd3 Ra5 44.Rc7+ Kf6
45.Rxh7 Ng5 46.Rh8 e4 47.Nf4 Rf5 48.Rf8+ Nf7 49.Ne2 Rxf2 50.Nc3 Ke7 51.Rg8 Nd6
52.Rxg6 Nc4 53.Rg4 Kf8 54.Ka1 Nxb2 55.Rxe4 Nd3 56.Re3 Nc5 57.Kb1 Kg7 58.Ne2 Kh6
59.Kc2 Rf8 60.Kc3 Rc8 61.Kb4 Na6+ 62.Kb5 Nb8 63.Re6+ Kg5 64.a4 Rc2 65.Nd4 Rb2+
66.Kc4 Ra2 67.Kb4 Kh4 68.Rh6+ Kg3 69.Rh7 Na6+ 70.Kb5 Nc5 71.Kxc5 Rxa4 72.Nf5+ Kf3
73.Kd5 Ra5+ 74.Ke6 Kf4 75.Rh5 Ra6+ 76.Nd6 Kg3 77.Rh6 Ra5 78.Kf6 Kf4 79.Kg6 Ra6
80.Kh5 Ra5+ 81.Kh4 Ra4 82.Rg6 Ra8 83.Rf6+ Ke5 84.Kg5  1-0

[Event "2nd IECC Playoff g/15"]
[Site "Ohrid MKD"]
[Date "2001.06.15"]
[Round "2.1"]
[White "Lautier,J"]
[Black "Galego,L"]
[Result "1-0"]
[WhiteElo "2658"]
[BlackElo "2429"]

1.d4 d6 2.Nf3 g6 3.c4 Bg7 4.e4 Bg4 5.Be2 c5 6.d5 Nf6 7.Nc3 O-O 8.O-O Na6
9.Bf4 Nd7 10.Qd2 Nc7 11.h3 Bxf3 12.Bxf3 a6 13.a4 Rb8 14.Be2 Re8 15.Rad1 Nf8
16.Bg3 Bd4 17.Kh1 e5 18.f4 f6 19.fxe5 Bxe5 20.Bxe5 Rxe5 21.Rf4 Kg7 22.Rdf1 Ne8
23.Bd3 b6 24.Nd1 Rb7 25.Ne3 h5 26.Qf2 Nh7 27.h4 Kh8 28.Rf3 Rg7 29.Rg3 Qe7
30.Kg1 Qd7 31.b3 Kg8 32.Qf4 Nf8 33.Qf3 Qe7 34.Nd1 Nh7 35.Nf2 Qf7 36.Nh3 g5
37.Qf2 Qe7 38.a5 bxa5 39.Ra1 gxh4 40.Rxg7+ Qxg7 41.Qxh4 Ng5 42.Kh1 Nxh3 43.Qxh3 Qg5
44.Rxa5 f5 45.Rxa6 fxe4 46.Be2 Qd2 47.Qg3+ Rg5 48.Qf2 e3 49.Qf4 Qe1+ 50.Kh2 Re5
51.Ra7 Qf2 52.Bf3  1-0

[Event "2nd IECC Playoff g/15"]
[Site "Ohrid MKD"]
[Date "2001.06.15"]
[Round "2.2"]
[White "Galego,L"]
[Black "Lautier,J"]
[Result "0-1"]
[WhiteElo "2429"]
[BlackElo "2658"]

1.d4 d5 2.Nf3 Nf6 3.Bg5 Ne4 4.Bf4 Bf5 5.e3 e6 6.h3 Bd6 7.c3 Nd7 8.Be2 h6
9.O-O O-O 10.Qb3 Rb8 11.Bxd6 Nxd6 12.Nbd2 c5 13.dxc5 Nxc5 14.Qa3 Qb6 15.c4 dxc4
16.Nxc4 Nxc4 17.Bxc4 Rbc8 18.Rac1 Rfd8 19.Nd4 Bg6 20.Rfd1 a6 21.Bf1 Ne4 22.Nf3 Rxc1
23.Rxc1 Nf6 24.Ne5 Nd5 25.Nxg6 fxg6 26.Qd3 g5 27.Qe4 Nf6 28.Qe5 Qd6 29.Qa5 Qd2
30.Qc7 Rd7 31.Qc8+ Kh7 32.Qc2+ Qxc2 33.Rxc2 Rd1 34.g4 Nd5 35.Kg2 Kg6 36.Be2 Re1
37.Bf3 Rb1 38.a3 Kf6 39.Be4 Ke5 40.Kf3 Kd6 41.Rd2 Re1 42.Rc2 Rh1 43.Kg2 Rd1
44.Bf3 Rb1 45.Rd2 Ke5 46.Be2 Rc1 47.Bd3 a5 48.Bb5 b6 49.a4 Rc5 50.Kg3 Rc1
51.Re2 Rg1+ 52.Kh2 Rc1 53.Kg2 Kd6 54.Rd2 Ke5 55.Be2 Ra1 56.Bd1 Rc1 57.Bb3 Rb1
58.Rc2 Nb4 59.Rd2 Nd5 60.Bc4 Ra1 61.Bb5 Rc1 62.Kf3 Rh1 63.Rc2 Rxh3+ 64.Ke2 Rh4
65.Rc4 Rh1 66.Be8 Rb1 67.Rc6 Rxb2+ 68.Kf3 Ne7 69.Rc7 Kf6 70.Bb5 Nd5 71.Rb7 Nc3
72.Be8 Nd1 73.Kg3 Nc3 74.f4 Ne4+ 75.Kf3 Nd6 76.Rb8 Nxe8 77.Rxe8 gxf4  0-1

[Event "2nd IECC Playoff g/15"]
[Site "Ohrid MKD"]
[Date "2001.06.15"]
[Round "3.2"]
[White "Atalik,S"]
[Black "Lautier,J"]
[Result "1/2-1/2"]
[WhiteElo "2537"]
[BlackElo "2658"]

1.d4 Nf6 2.c4 e6 3.Nf3 b6 4.g3 Ba6 5.b3 Bb4+ 6.Bd2 Be7 7.Bg2 c6 8.Bc3 d5
9.Nbd2 Nbd7 10.O-O O-O 11.Re1 c5 12.e4 dxe4 13.Nxe4 Bb7 14.Nfg5 Qc7 15.Nxf6+ Bxf6
16.Bxb7 Qxb7 17.Ne4 Bxd4 18.Bxd4 cxd4 19.Qxd4 Rad8 20.Rad1 Qc7 21.Qd6 Qxd6
22.Rxd6 Nb8 23.Red1 Rxd6 24.Rxd6 Rc8 25.Nc3 Nc6 26.Rd7 a6 27.Rb7 Rb8 28.Rc7 Nb4
29.a3 Nc2 30.a4 h6 31.Ne4 Rd8 32.Rc6 Rb8 33.Rd6 f5 34.Nd2 Kf7 35.Rd7+ Kf6
36.f4 g5 37.Kf2 gxf4 38.gxf4 Nb4 39.Nf3 Re8 40.Rb7 Rd8 41.Rxb6 a5 42.Rb7 Nc6
43.Rc7 Nb4 44.Ke2 Nd3 45.Ke3 Rd6 46.h4 Rd8 47.h5 Rd6 48.c5 Rd5 49.c6 e5 50.Rd7 exf4+
51.Kd2 Nb4+ 52.Rxd5 Nxd5 53.Nd4 Ke5 54.Nb5 Ke6 55.Ke2 Ne7 56.c7 Kd7 57.Kf3 Nd5
58.Nd4 Nxc7 59.Nxf5 Ne6 60.Nxh6 Ng7 61.Kxf4 Nxh5+ 62.Ke5 Kc6 63.Nf5 Kc5 64.Nd6 Kb4
65.Nc4 Kxb3 66.Nxa5+ Kxa4  1/2-1/2